Diseño de sistemas digitales con VHDL

Bewaard in:
Bibliografische gegevens
Hoofdauteurs: Pérez López, Serafín Alfonso (Auteur), Soto Campos, Enrique (Auteur), Fernández Gómez, Santiago (Auteur)
Formaat: Boek
Taal:Spaans
Gepubliceerd in: Madrid Paraninfo 2002
Onderwerpen:
Tags: Voeg label toe
Geen labels, Wees de eerste die dit record labelt!

MARC

LEADER 00000nam a2200000 a 4500
001 UCL9437
003 CL-VaPUC
008 040806e20020000SP |||||||||||||||||spa|d
020 |a 8497320816 
082 0 4 |a 621.395  |b PER  |2 21 
100 0 |a Pérez López, Serafín Alfonso  |e author  |9 487281 
700 0 |a Soto Campos, Enrique  |e author  |9 487282 
700 0 |a Fernández Gómez, Santiago  |e author  |9 487283 
245 1 0 |a Diseño de sistemas digitales con VHDL 
300 |a 353 p 
942 |c BK 
945 |d 20040806 00:00:00  |a cmena 
260 |a Madrid  |b Paraninfo  |c 2002 
600 0 7 |a VHDL  |2 CL-VaPUC  |9 487284 
650 0 |a Electrónica digital   |9 263160 
650 0 |a Diseño lógico  |9 262464 
650 0 |a Circuitos lógicos   |9 263161 
650 0 |a Lenguajes de programación   |9 259458 
583 |a last modification  |c 20040806 00:00:00  |k Rodrigo Vera 
999 |c 310230  |d 310228 
952 |0 0  |1 0  |4 0  |6 621_395000000000000_PER_2002  |7 0  |8 A  |9 378503  |a BIBING  |b BIBING  |d 2019-11-21  |i 4047575  |o 621.395 PER 2002  |p 4047575  |r 2023-03-02  |w 2019-11-21  |y BK  |k EIE